LEADER 01159nam0 22002891i 450 001 UON00203925 005 20231205103304.834 010 $a84-599-3307-5 100 $a20030730d1993 |0itac50 ba 101 $aeng 102 $aGB 105 $a|||| 1|||| 200 1 $aLaforet$eNada$fBarry Jordan 210 $aLondon$cGrant & Culter in association with Tamesis Books$dc1993. 116 p. ; 20 cm 410 1$1001UON00173183$12001 $a Critical guides to Spanish texts$1210 $aLondon$cGrant & Cutler Ltd ; in association with Tamesis Books Ltd$v55 606 $aLAFORET CARMEN$3UONC042669$2FI 620 $aGB$dLondon$3UONL003044 676 $a863$cNarrativa spagnola$v21 700 1$aJORDAN$bBarry$3UONV122163$0680973 712 $aGrant and Cutler$3UONV266278$4650 712 $aTamesis Books$3UONV266568$4650 801 $aIT$bSOL$c20240220$gRICA 899 $aSIBA - SISTEMA BIBLIOTECARIO DI ATENEO$2UONSI 912 $aUON00203925 950 $aSIBA - SISTEMA BIBLIOTECARIO DI ATENEO$dSI CoSPA 5 C.G.S.T 0055 $eSI LO 61266 5 0055 996 $aLaforet$91255613 997 $aUNIOR LEADER 03848nam 2201105z- 450 001 9910557408703321 005 20210501 035 $a(CKB)5400000000043589 035 $a(oapen)https://directory.doabooks.org/handle/20.500.12854/68647 035 $a(oapen)doab68647 035 $a(EXLCZ)995400000000043589 100 $a20202105d2020 |y 0 101 0 $aeng 135 $aurmn|---annan 181 $ctxt$2rdacontent 182 $cc$2rdamedia 183 $acr$2rdacarrier 200 00$aAdvanced Biomaterials for Orthopaedic Application$eThe Challenge of New Composites and Alloys Used as Medical Devices 210 $aBasel, Switzerland$cMDPI - Multidisciplinary Digital Publishing Institute$d2020 215 $a1 online resource (202 p.) 311 08$a3-03928-636-6 311 08$a3-03928-637-4 330 $aThis book covers a wide range of topics in the orthopaedic fields and can be used as a textbook for the ?nal undergraduate engineering course or as a topic on tribology at the postgraduate level. This book can serve as a useful reference for academics, tribology, and materials researchers; mechanical, materials, and physics engineers; biomedical scientists and professionals in tribology; and related industries. The scienti?c interest in this book will be evident for many important centres of research, including laboratories and universities throughout the world. 517 $aAdvanced Biomaterials for Orthopaedic Application 606 $aHistory of engineering and technology$2bicssc 610 $aaccuracy 610 $aadditive manufacturing 610 $aball milling 610 $abibliometric indicators 610 $abioceramics 610 $abiocompatibility 610 $abiomaterials 610 $abiomechanics 610 $abone tissue engineering 610 $acalcium phosphate cements 610 $aceramic 610 $aCFR-PEEK 610 $acitations 610 $aCoCr alloy 610 $acomputational model 610 $across-linked PE 610 $adigital image correlation 610 $aDirect Metal Laser Sintering 610 $adry and wet friction 610 $adynamic loading 610 $afinite element analysis 610 $afriction 610 $aFTIR analysis 610 $ah-index 610 $ahip 610 $ahip simulator 610 $ahomogeneous strain 610 $ahyaluronic acid 610 $aimplants 610 $amacrophages biocompatibility 610 $amandible condylar fractures 610 $amechanical properties 610 $amusculoskeletal multibody model 610 $an/a 610 $aPLLA 610 $apolarization 610 $apolyethylene 610 $aporosity 610 $apowder metallurgy 610 $aprecision 610 $aprosthesis 610 $aquality of research 610 $aradial clearance 610 $ascaffolds 610 $aSelective Laser Melting 610 $asimulator 610 $asmall deformation level 610 $astandard PE 610 $asurgical treatment 610 $aTi-28Nb-35.4 alloy 610 $atitanium 610 $atitanium alloys 610 $atotal hip arthroplasty 610 $atribology 610 $aUHMWPE 610 $aultimate tensile strength 610 $aunicompartmental knee replacement 610 $avarus and valgus alignments 610 $avitamin-E stabilized PE 610 $awear 610 $awear particles 610 $aX-Ray Diffraction 610 $ayield strength 615 7$aHistory of engineering and technology 700 $aAffatato$b Saverio$4edt$01304747 702 $aAffatato$b Saverio$4oth 906 $aBOOK 912 $a9910557408703321 996 $aAdvanced Biomaterials for Orthopaedic Application$93027691 997 $aUNINA